Australian States and Territories - Sudden Death - Statistics

General Stats
  • This quiz has been taken 1,037 times
  • The average score is 5 of 8
Answers on the Grid
Answers color-coded by a green-red scale on the quiz's grid according to % correct below.
British Columbia
New South Wales
New Guinea
Christmas Island
South Island
Australian Capital Territory
Victoria
Great Barrier Reef
Australian Horn
The Outback
Queensland
Kangaroo Island
Norfolk Island
South Australia
Perth
Tasmania
Gold Coast
Jervis Bay Territory
Western Australia
Northern Territory
Uluru (Ayers Rock) Region
Darwin
Timor Island
New Caledonia
 
Answer Stats
Answer % Correct
New South Wales
92%
Queensland
63%
Victoria
63%
Australian Capital Territory
60%
Tasmania
57%
Western Australia
53%
Northern Territory
51%
South Australia
49%
No matching quizzes found
Score Distribution
Percent of People with Each Score
Percentile by Number Answered
Your Score History
You have not taken this quiz